|
|
|
|
| LEADER |
01263nam a2200253 a 4500 |
| 001 |
GR-MES4161 |
| 008 |
991111s gr 000 0 gre d |
| 020 |
|
|
|a 96090101060
|
| 040 |
|
|
|a GrPaTEI
|b gre
|c GR-PaULI
|
| 245 |
0 |
3 |
|a Το επιχειρηματικό σχέδιο =
|b The business plan.
|
| 260 |
|
|
|a Αθήνα :
|b Θεόδωρος Κόκκορης,
|c [χ.χ]
|
| 300 |
|
|
|a 79σελ. :
|b πιν.,σχεδ.,σχημ.
|
| 500 |
|
|
|a Περιέχει βιβλιογραφία και παραρτήματα στο τέλος του βιβλίου
|
| 650 |
|
4 |
|a ΔΙΟΙΚΗΣΗ
|
| 650 |
|
4 |
|a Επιχειρήσεις
|
| 650 |
|
4 |
|a Μάνατζμεντ
|
| 650 |
|
4 |
|a Μάρκετινγκ
|
| 700 |
1 |
|
|a Κόκκορης, Θ.
|
| 710 |
0 |
|
|a Θεόδωρος Κόκκορης
|
| 942 |
|
|
|2 ddc
|
| 952 |
|
|
|0 0
|1 0
|2 ddc
|4 0
|6 658_110000000000000_ΚΟΚ
|7 0
|9 268817
|a MSLG
|b MSLG
|c BSC
|d 2021-01-17
|e 24
|f 0
|g 0.00
|l 0
|o 658.11 ΚΟΚ
|p 2420000007474
|r 2021-01-17 00:00:00
|t 1
|w 2021-01-17
|y BK15
|x 19991111 0 1
|x GrPaTEI
|
| 952 |
|
|
|0 0
|1 0
|2 ddc
|4 0
|6 658_110000000000000_ΚΟΚ
|7 0
|9 268818
|a MSLG
|b MSLG
|c BSC
|d 2021-01-17
|e 24
|f 0
|g 0.00
|l 0
|o 658.11 ΚΟΚ
|p 2420000007475
|r 2021-01-17 00:00:00
|t 1
|w 2021-01-17
|y BK15
|x 19991111 0 1
|x GrPaTEI
|
| 971 |
|
|
|a .b25752078
|b 16-04-20
|c 13-09-16
|
| 999 |
|
|
|c 154947
|d 154947
|